LIBRARY & INFORMATION CENTRE, KCAET, TAVANUR

ONLINE PUBLIC ACCESS CATALOGUE (OPAC)

Topology / (Record no. 14034)

MARC details
000 -LEADER
fixed length control field 00341cam a2200145 a 4500
020 ## - INTERNATIONAL STANDARD BOOK NUMBER
ISBN 0131816292 (case)
082 00 - DEWEY DECIMAL CLASSIFICATION NUMBER
Classification number 514
Item number MUN/TO
100 1# - MAIN ENTRY--AUTHOR NAME
Personal name Munkres, James R.,
245 10 - TITLE STATEMENT
Title Topology /
250 ## - EDITION STATEMENT
Edition statement 2nd ed.
260 ## - PUBLICATION, DISTRIBUTION, ETC. (IMPRINT)
Place of publication New Delhi
Name of publisher Prentice Hall, Inc.
Year of publication c2000.
300 ## - PHYSICAL DESCRIPTION
Number of Pages xvi, 537 p. :
Other physical details ill. ;
650 #0 - SUBJECT ADDED ENTRY--TOPICAL TERM
Topical Term Topology.
942 ## - ADDED ENTRY ELEMENTS (KOHA)
Koha item type Books
Holdings
Withdrawn status Lost status Damaged status Collection code Home library Current library Shelving location Date acquired Source of acquisition Cost, normal purchase price Full call number Accession Number Koha item type
      Non-fiction KAUAET KAUAET General Stacks 30/03/2013 Aman Book Stall, Calicut 325.00 514 24137 Books
free website counter